Largest Farm Equipment Manufacturers in the US - Statistics

General Stats
  • This quiz has been taken 150 times
  • The average score is 4 of 10
Answer Stats
Rank Manufacturer % Correct
1 John Deere
98%
2 Case IH
61%
4 Caterpillar
50%
5 AGCO
45%
3 New Holland
45%
6 Kubota
41%
8 CLAAS
20%
9 KINZE
6%
7 Vermeer
5%
10 Mandarin USA
3%
No matching quizzes found
Score Distribution
Percent of People with Each Score
Percentile by Number Answered
Your Score History
You have not taken this quiz